Vplyv mechanického zloženia pôdy na rast huby Ophiobolus graminis Sacc

Bibliographic Details
Main Author: Novotný, Ján (Author)
Format: Article
Language:Slovak
PhysicalDescription:Obr. 1. Tb. 3. Res. rus., angl.
Subjects:

MARC

LEADER 00000nab a2200000 a 4500
001 vtls000096673
003 SK-MaSNL
005 20260304233947.0
008 250423c1981 xo 0 slo
015 |a SNBRB19rr/mm-uuuuu 
035 |a CL0106776 
035 |a urn:nbn:sk:snk-abf03g 
035 |a (urnnbn)urn:nbn:sk:snk:ar-0050y8 
035 |a (uuid)7c859c10-bf4a-4852-a361-829883974c1e 
040 |a SNKBUCL  |b slo  |c SNKBUCL  |e AACR2 
041 0 |a slo 
044 |a xo  |c SK 
080 |a 631.4  |2 1981 
080 |a 632.1/.4  |2 1981 
080 |a 633.1  |2 1981 
100 1 |a Novotný, Ján  |4 aut  |9 5217 
245 1 0 |a Vplyv mechanického zloženia pôdy na rast huby Ophiobolus graminis Sacc  |c Ján Novotný 
300 |b Obr. 1. Tb. 3. Res. rus., angl. 
650 0 7 |a poľnohospodárska pôda  |2 snkbucl  |9 31794 
650 0 7 |a zloženie mechanické  |2 snkbucl  |9 1570197 
650 0 7 |a obilniny  |2 snkbucl  |9 19007 
650 0 7 |a choroby päty stebla  |2 snkbucl  |9 1570148 
650 0 7 |a Ophiobolus graminis  |2 snkbucl  |9 1412413 
655 7 |a články z novín a časopisov  |2 snkbucl  |9 267496 
773 0 |t Poľnohospodárstvo  |g Roč. 27, č. 7 (1981), s. 573-579 
850 |a Slovenská národná knižnica 
852 |a Slovenská národná knižnica 
954 |a odborná, vedecká literatúra pôvodná (slovenská)  |2 lita 
958 |a article27 
958 |a RK 
958 |a OND 
958 |a EUIPO 
992 |a RBX 
999 |c 3201217  |d 3203147